000 00298nam a2200121Ia 4500
008 190216s9999||||xx |||||||||||||| ||und||
100 _aChatterjee B K
245 0 _aAccounting And Finance For Managers
260 _bPentice Hall Of India
_c1976
300 _a659p
650 _aCommerce
942 _cBK
999 _c4188
_d4188